| 000 | 00444 a2200157 4500 | ||
|---|---|---|---|
| 001 | 192968 | ||
| 020 | _a978-85-96-00836-8 | ||
| 040 | _cMagnum | ||
| 100 | _aAlves, Januária Cristina | ||
| 240 | 1 | 0 |
_aO saci-pererê e outras figuras traquinas do folclore brasileiro _lpor |
| 245 | 1 | 0 | _aO saci-pererê e outras figuras traquinas do folclore brasileiro |
| 300 | _a46 | ||
| 362 | 0 | _a2017 | |
| 697 | _aLITERATURA INFANTO-JUVENIL | ||
| 942 | _cBK | ||
| 999 |
_c192968 _d192968 |
||